[Event "Olympiad Women-31"]
[Site "Moscow"]
[Date "1994.12.06"]
[Round "6"]
[White "Grosar, Kiti"]
[Black "Dahl, Ingrid"]
[Result "1-0"]
[WhiteElo "2195"]
[BlackElo "2115"]
[PlyCount "59"]
[EventDate "1994.12.01"]
[EventType "team-swiss"]
[EventRounds "14"]
[EventCountry "RUS"]
[SourceTitle "EXT 2019"]
[Source "ChessBase"]
[SourceDate "2018.10.10"]
[SourceVersion "1"]
[SourceVersionDate "2018.10.10"]
[SourceQuality "1"]
[WhiteTeam "Slovenia (W)"]
[BlackTeam "Norway (W)"]
[WhiteTeamCountry "SLO"]
[BlackTeamCountry "NOR"]

1. e4 c6 2. d4 d5 3. e5 Bf5 4. h4 Qb6 5. g4 Bd7 6. Bh3 e6 7. a3 c5 8. c3 Nc6 9. Ne2 0-0-0 10. b4 cxd4 11. cxd4 Be7 12. h5 f6 13. Be3 Kb8 14. Nbc3 Rc8 15. exf6 gxf6 16. Rb1 Bd6 17. Na4 Qd8 18. Nec3 Nce7 19. Nc5 Ka8 20. Bf1 Bxc5 21. bxc5 e5 22. Qb3 Bc6 23. Bb5 Qd7 24. Bxc6 bxc6 25. Na4 Qc7 26. Bd2 exd4 27. 0-0 Rf8 28. Nb6+ axb6 29. cxb6 Qb7 30. Bf4 1-0

[Event "Olympiad Women-31"]
[Site "Moscow"]
[Date "1994.12.04"]
[Round "4"]
[White "Arribas Robaina, Maritza"]
[Black "Dahl, Ingrid"]
[Result "1/2-1/2"]
[WhiteElo "2200"]
[BlackElo "2115"]
[PlyCount "119"]
[EventDate "1994.12.01"]
[EventType "team-swiss"]
[EventRounds "14"]
[EventCountry "RUS"]
[SourceTitle "EXT 2019"]
[Source "ChessBase"]
[SourceDate "2018.10.10"]
[SourceVersion "1"]
[SourceVersionDate "2018.10.10"]
[SourceQuality "1"]
[WhiteTeam "Cuba (W)"]
[BlackTeam "Norway (W)"]
[WhiteTeamCountry "CUB"]
[BlackTeamCountry "NOR"]

1. e4 c6 2. c4 d5 3. exd5 cxd5 4. cxd5 Nf6 5. Bb5+ Nbd7 6. Nc3 g6 7. Nge2 Bg7 8. 0-0 0-0 9. Bxd7 Qxd7 10. Nf4 b6 11. Re1 Bb7 12. Qf3 Rfe8 13. d4 Rad8 14. Re5 Ng4 15. Re4 Nf6 16. Re5 Ng4 17. Rg5 Nh6 18. Be3 Nf5 19. Rd1 Bf6 20. Rg4 Bc8 21. h3 Qb7 22. Nh5 Bh8 23. Bc1 Kf8 24. Ng3 Nd6 25. Rh4 Kg8 26. Bg5 b5 27. b4 Qd7 28. Re1 Bb7 29. Rf4 f6 30. Bh6 Nf7 31. Nf5 Nxh6 32. Nxh6+ Kg7 33. Ng4 h5 34. Ne3 a6 35. g4 hxg4 36. Rxg4 Kf7 37. Ne4 Bxd5 38. Ng5+ Kg8 39. Nxd5 Qxd5 40. Qxd5+ Rxd5 41. Ne6 Rc8 42. Nc5 Kf7 43. Rge4 e5 44. dxe5 fxe5 45. Nxa6 Rd3 46. R4e3 Rxe3 47. Rxe3 Ra8 48. Nc7 Rxa2 49. Nxb5 Rb2 50. Re4 Bf6 51. Nc7 Be7 52. Na6 Kf6 53. Kg2 Kf5 54. Rc4 e4 55. Nc5 e3 56. Nd3 Rb3 57. Rf4+ Kg5 58. Re4 Rxd3 59. Rxe3 Rxe3 60. fxe3 1/2-1/2

[Event "Olympiad Women-31"]
[Site "Moscow"]
[Date "1994.12.02"]
[Round "2"]
[White "Wahiduddin, Khairunnisa"]
[Black "Dahl, Ingrid"]
[Result "1/2-1/2"]
[WhiteElo "2035"]
[BlackElo "2115"]
[PlyCount "85"]
[EventDate "1994.12.01"]
[EventType "team-swiss"]
[EventRounds "14"]
[EventCountry "RUS"]
[SourceTitle "EXT 2019"]
[Source "ChessBase"]
[SourceDate "2018.10.10"]
[SourceVersion "1"]
[SourceVersionDate "2018.10.10"]
[SourceQuality "1"]
[WhiteTeam "Malaysia (W)"]
[BlackTeam "Norway (W)"]
[WhiteTeamCountry "MAS"]
[BlackTeamCountry "NOR"]

1. e4 c6 2. d4 d5 3. exd5 cxd5 4. Nc3 Nf6 5. Nf3 e6 6. Bd3 Be7 7. 0-0 0-0 8. Ne2 Nc6 9. c3 a6 10. Ng3 b5 11. a3 Bb7 12. Bf4 Rc8 13. Ne5 Na5 14. Re1 Nc4 15. Nxc4 bxc4 16. Bc2 Bc6 17. Nh5 g6 18. Nxf6+ Bxf6 19. Qg4 Bd7 20. Be5 Bg7 21. h4 Bxe5 22. dxe5 h5 23. Qg3 Kg7 24. Re3 Bc6 25. Qf4 Rb8 26. Rb1 Qe7 27. Rg3 Rb7 28. Rg5 Rfb8 29. Qc1 Rb6 30. g4 hxg4 31. h5 Be8 32. hxg6 fxg6 33. Rxg4 Bf7 34. Rg3 Rh8 35. Qe3 Rb7 36. Qf3 Qh4 37. Qg2 Rh6 38. Rg4 Qh5 39. f4 Qh3 40. Qxh3 Rxh3 41. Kg2 Rh8 42. Kf3 Rh6 43. f5 1/2-1/2

[Event "Olympiad Women-30"]
[Site "Manila"]
[Date "1992.06.10"]
[Round "3"]
[White "Dahl, Ingrid"]
[Black "O'Siochru, Mairead Maura"]
[Result "1/2-1/2"]
[WhiteElo "2125"]
[BlackElo "2100"]
[PlyCount "46"]
[EventDate "1992.06.07"]
[EventType "team-swiss"]
[EventRounds "14"]
[EventCountry "PHI"]
[SourceTitle "EXT 2019"]
[Source "ChessBase"]
[SourceDate "2018.10.10"]
[SourceVersion "1"]
[SourceVersionDate "2018.10.10"]
[SourceQuality "1"]
[WhiteTeam "Norway (W)"]
[BlackTeam "Ireland (W)"]
[WhiteTeamCountry "NMI"]
[BlackTeamCountry "IRL"]

1. e4 e5 2. Nf3 d6 3. d4 Nf6 4. Nc3 Nbd7 5. Bc4 Be7 6. 0-0 0-0 7. Bg5 h6 8. Bh4 c6 9. a4 a5 10. Bb3 exd4 11. Qxd4 Nc5 12. Bc4 Be6 13. Rad1 Bxc4 14. Qxc4 Qc7 15. Rd2 Rad8 16. Rfd1 Ne6 17. h3 Nh5 18. Bxe7 Qxe7 19. Ne2 Nf6 20. Ng3 d5 21. exd5 Rxd5 22. Rxd5 Nxd5 23. Nf5 Qf6 1/2-1/2

[Event "Olympiad Women-30"]
[Site "Manila"]
[Date "1992.06.09"]
[Round "2"]
[White "Santos, Isabel"]
[Black "Dahl, Ingrid"]
[Result "1/2-1/2"]
[WhiteElo "2030"]
[BlackElo "2125"]
[PlyCount "103"]
[EventDate "1992.06.07"]
[EventType "team-swiss"]
[EventRounds "14"]
[EventCountry "PHI"]
[SourceTitle "EXT 2019"]
[Source "ChessBase"]
[SourceDate "2018.10.10"]
[SourceVersion "1"]
[SourceVersionDate "2018.10.10"]
[SourceQuality "1"]
[WhiteTeam "Portugal (W)"]
[BlackTeam "Norway (W)"]
[WhiteTeamCountry "POR"]
[BlackTeamCountry "NMI"]

1. d4 Nf6 2. Nf3 e6 3. c4 c5 4. d5 exd5 5. cxd5 d6 6. Nc3 g6 7. Bf4 a6 8. a4 Bg7 9. e3 0-0 10. Bd3 Nh5 11. Bg5 Qc7 12. 0-0 Nd7 13. Rc1 Rb8 14. Qc2 Nhf6 15. h3 c4 16. Ne2 b5 17. axb5 axb5 18. b3 Nxd5 19. bxc4 Nb4 20. Qd2 Nxd3 21. Qxd3 Nc5 22. cxb5 Qb6 23. Qd1 Ne4 24. Bf4 Qxb5 25. Ned4 Qb2 26. Qc2 Qxc2 27. Rxc2 Ba6 28. Rd1 Rbc8 29. Nc6 Rfe8 30. Bxd6 Nxd6 31. Rxd6 Bf8 32. Rd1 Bb5 33. Ncd4 Rxc2 34. Nxc2 Be2 35. Rd2 Bxf3 36. gxf3 Rc8 37. Kg2 Bg7 38. Nd4 Bxd4 39. exd4 Rd8 40. f4 Kg7 41. Kf3 Kf6 42. d5 Ke7 43. Ke4 Ra8 44. Rd4 Ra2 45. f3 Re2+ 46. Kd3 Rh2 47. Ra4 Kd6 48. Ke4 Re2+ 49. Kd3 Rh2 50. Kd4 Re2 51. Kd3 Rh2 52. Ke4 1/2-1/2

[Event "NOR-chT east"]
[Site "Norway"]
[Date "1992.??.??"]
[Round "8"]
[White "Dahl, Ingrid"]
[Black "Kristiansen, Erling"]
[Result "0-1"]
[WhiteElo "2125"]
[BlackElo "2295"]
[PlyCount "74"]
[EventDate "1992.??.??"]
[EventType "team"]
[EventRounds "9"]
[EventCountry "NOR"]
[SourceTitle "EXT 2000"]
[Source "ChessBase"]
[SourceDate "1999.11.16"]
[SourceVersion "1"]
[SourceVersionDate "1999.11.16"]
[SourceQuality "1"]

1. Nf3 Nf6 2. c4 c5 3. g3 Nc6 4. Bg2 d5 5. cxd5 Nxd5 6. Nc3 Nc7 7. 0-0 e5 8. d3 Be7 9. Be3 0-0 10. Nd2 Nd4 11. Nc4 f6 12. Rc1 Rb8 13. a4 Be6 14. Bxd4 cxd4 15. Nb5 a6 16. Nxc7 Qxc7 17. Qd2 Qc5 18. Qa5 Rfc8 19. Qxc5 Rxc5 20. b4 Rc7 21. Na5 Rxc1 22. Rxc1 Bxb4 23. Nxb7 a5 24. h4 Bd7 25. Bd5+ Kh8 26. Rc4 g6 27. Kg2 Rc8 28. Rxc8+ Bxc8 29. f4 exf4 30. gxf4 Bd7 31. Nd8 Bxa4 32. Nc6 Bc3 33. Kf3 Bd1 34. Ke4 f5+ 35. Ke5 Bxe2 36. Nxd4 Bxd3 37. Bb3 Be4 0-1

[Event "EU-chT (Women) 1st"]
[Site "Debrecen"]
[Date "1992.??.??"]
[Round "4"]
[White "Dahl, Ingrid"]
[Black "Mihevc Mohr, Narcisa"]
[Result "1/2-1/2"]
[WhiteElo "2130"]
[BlackElo "2140"]
[PlyCount "77"]
[EventDate "1992.11.20"]
[EventType "team-swiss"]
[EventRounds "9"]
[EventCountry "HUN"]
[SourceTitle "EXT 2020"]
[Source "ChessBase"]
[SourceDate "2019.10.17"]
[SourceVersion "1"]
[SourceVersionDate "2019.10.17"]
[SourceQuality "1"]
[WhiteTeam "Norway (W)"]
[BlackTeam "Slovenia (W)"]
[WhiteTeamCountry "NOR"]
[BlackTeamCountry "SLO"]

1. e4 c5 2. c3 Nf6 3. e5 Nd5 4. d4 cxd4 5. Bc4 Nb6 6. Bb3 d5 7. exd6 Qxd6 8. cxd4 Be6 9. Bc2 g6 10. Nf3 Bg7 11. 0-0 0-0 12. Nc3 Nc6 13. Be3 Rad8 14. Qc1 Nd5 15. Ne4 Qb8 16. h3 Ncb4 17. Bb1 Rc8 18. Qd2 Rfd8 19. Bg5 f6 20. Bh4 b5 21. a3 Nc6 22. Bd3 Qb7 23. Bg3 Nc7 24. Nc3 Bf7 25. Qe2 e5 26. dxe5 Nxe5 27. Nxe5 fxe5 28. Be4 Qb8 29. Rfd1 Ne6 30. Bd5 Ng5 31. Bh4 h6 32. Bxf7+ Kxf7 33. Rxd8 Rxd8 34. Ne4 Bf6 35. Bxg5 Bxg5 36. Nxg5+ hxg5 37. Rc1 Rd6 38. Qf3+ Kg7 39. Qg3 1/2-1/2

[Event "EU-chT (Women) 1st"]
[Site "Debrecen"]
[Date "1992.??.??"]
[Round "5"]
[White "Grabics, Monika"]
[Black "Dahl, Ingrid"]
[Result "1/2-1/2"]
[WhiteElo "2145"]
[BlackElo "2130"]
[PlyCount "81"]
[EventDate "1992.11.20"]
[EventType "team-swiss"]
[EventRounds "9"]
[EventCountry "HUN"]
[SourceTitle "EXT 2020"]
[Source "ChessBase"]
[SourceDate "2019.10.17"]
[SourceVersion "1"]
[SourceVersionDate "2019.10.17"]
[SourceQuality "1"]
[WhiteTeam "Hungary (W) III"]
[BlackTeam "Norway (W)"]
[WhiteTeamCountry "HUN"]
[BlackTeamCountry "NOR"]

1. e4 c6 2. d4 d5 3. exd5 cxd5 4. c4 Nf6 5. Nc3 e6 6. Nf3 Be7 7. cxd5 Nxd5 8. Bd3 0-0 9. 0-0 Nc6 10. Re1 Bf6 11. Be4 Nce7 12. Ne5 g6 13. Bh6 Bg7 14. Qd2 Nf6 15. Rad1 Ned5 16. Bf3 b6 17. Nxd5 exd5 18. Nc6 Qd7 19. Ne7+ Kh8 20. Bxg7+ Kxg7 21. Re5 Bb7 22. Nf5+ Kh8 23. Qh6 Rg8 24. Qg5 Qd8 25. Nh6 Rf8 26. Rde1 Ne4 27. Qxd8 Raxd8 28. Re7 Nd6 29. R1e5 Kg7 30. Ng4 Rfe8 31. Ne3 Rxe7 32. Rxe7 Kf6 33. Rc7 Ke6 34. Rc1 Ne4 35. Re1 Kd6 36. h4 f5 37. g3 Ba6 38. h5 Nd2 39. Bd1 Bd3 40. hxg6 hxg6 41. Kg2 1/2-1/2

[Event "EU-chT (Women) 1st"]
[Site "Debrecen"]
[Date "1992.??.??"]
[Round "6"]
[White "Horvath, Julia"]
[Black "Dahl, Ingrid"]
[Result "1/2-1/2"]
[WhiteElo "2265"]
[BlackElo "2130"]
[PlyCount "106"]
[EventDate "1992.11.20"]
[EventType "team-swiss"]
[EventRounds "9"]
[EventCountry "HUN"]
[SourceTitle "EXT 2020"]
[Source "ChessBase"]
[SourceDate "2019.10.17"]
[SourceVersion "1"]
[SourceVersionDate "2019.10.17"]
[SourceQuality "1"]
[WhiteTeam "Hungary (W) II"]
[BlackTeam "Norway (W)"]
[WhiteTeamCountry "HUN"]
[BlackTeamCountry "NOR"]

1. d4 Nf6 2. c4 e6 3. Nf3 c5 4. d5 exd5 5. cxd5 d6 6. Nc3 g6 7. e4 Bg7 8. Be2 0-0 9. Nd2 a6 10. a4 Re8 11. 0-0 Nbd7 12. f3 Qc7 13. Nc4 Ne5 14. Qc2 Nxc4 15. Bxc4 Rb8 16. Bd2 Nd7 17. a5 Ne5 18. Na4 Bd7 19. Be2 Bb5 20. Rfe1 Qe7 21. Nc3 Bxe2 22. Rxe2 Nd7 23. Na4 f5 24. Bc3 fxe4 25. Bxg7 Qxg7 26. Rxe4 Rxe4 27. Qxe4 Qe5 28. Qxe5 Nxe5 29. Re1 Re8 30. Re4 Kf7 31. Nb6 Nd3 32. Nc4 Rxe4 33. Nxd6+ Ke7 34. Nxe4 c4 35. Kf1 Nxb2 36. Ke2 c3 37. Nxc3 Nc4 38. Kd3 Nxa5 39. Ne4 b6 40. Kd4 h6 41. h4 Nb3+ 42. Ke5 Nc5 43. d6+ Kf7 44. Kd5 Nd7 45. g4 a5 46. f4 a4 47. g5 hxg5 48. fxg5 a3 49. Nc3 Nb8 50. Na2 Nd7 51. Nb4 Nb8 52. Na2 Nd7 53. Nb4 Nb8 1/2-1/2

[Event "Arnold Cup"]
[Site "Gausdal"]
[Date "1992.??.??"]
[Round "1"]
[White "Silseth, Simon"]
[Black "Dahl, Ingrid"]
[Result "1-0"]
[WhiteElo "2320"]
[BlackElo "2130"]
[PlyCount "53"]
[EventDate "1992.04.??"]
[EventType "swiss"]
[EventRounds "9"]
[EventCountry "NOR"]
[SourceTitle "TD"]
[Source "ChessBase"]
[SourceDate "1994.03.01"]
[SourceVersion "1"]
[SourceVersionDate "1994.03.01"]
[SourceQuality "1"]

1. c4 c5 2. Nc3 Nc6 3. Nf3 g6 4. e3 Bg7 5. d4 cxd4 6. exd4 d6 7. h3 Nf6 8. d5 Nb8 9. Bd3 0-0 10. 0-0 Na6 11. Re1 Nd7 12. Bf4 Nac5 13. Bf1 Nb6 14. Rc1 a5 15. Bg5 Re8 16. Qd2 Nbd7 17. Nb5 Nf6 18. Qf4 Bf5 19. Nfd4 Bd3 20. Re3 Bxf1 21. Rxf1 Ncd7 22. Qh4 Nb6 23. b3 a4 24. Rfe1 axb3 25. axb3 Nc8 26. Bxf6 Bxf6 27. Qxf6 1-0

[Event "NOR-chT"]
[Site "Vettre"]
[Date "1992.??.??"]
[Round "5"]
[White "Stokstad, Petter Glenne"]
[Black "Dahl, Ingrid"]
[Result "1/2-1/2"]
[WhiteElo "2205"]
[BlackElo "2125"]
[PlyCount "39"]
[EventDate "1992.??.??"]
[EventType "team"]
[EventRounds "5"]
[EventCountry "NOR"]
[SourceTitle "EXT 2000"]
[Source "ChessBase"]
[SourceDate "1999.11.16"]
[SourceVersion "1"]
[SourceVersionDate "1999.11.16"]
[SourceQuality "1"]

1. d4 Nf6 2. g3 e6 3. Bg2 d5 4. c4 Be7 5. Nf3 dxc4 6. Qa4+ Nbd7 7. 0-0 a6 8. Qxc4 b5 9. Qd3 Bb7 10. Nc3 c5 11. dxc5 Bxc5 12. Nd2 Bxg2 13. Kxg2 Ne5 14. Qxd8+ Rxd8 15. a4 b4 16. Nce4 Nxe4 17. Nxe4 Be7 18. Bf4 Nc6 19. Rfd1 0-0 20. Bd6 1/2-1/2

[Event "Arnold Cup"]
[Site "Gausdal"]
[Date "1992.??.??"]
[Round "6"]
[White "Tiviakov, Sergei"]
[Black "Dahl, Ingrid"]
[Result "1-0"]
[WhiteElo "2585"]
[BlackElo "2130"]
[PlyCount "67"]
[EventDate "1992.04.??"]
[EventType "swiss"]
[EventRounds "9"]
[EventCountry "NOR"]
[SourceTitle "TD"]
[Source "ChessBase"]
[SourceDate "1994.03.01"]
[SourceVersion "1"]
[SourceVersionDate "1994.03.01"]
[SourceQuality "1"]

1. e4 c6 2. d4 d5 3. Nd2 dxe4 4. Nxe4 Nd7 5. Bd3 Ngf6 6. Ng5 e6 7. N1f3 Bd6 8. Qe2 h6 9. Ne4 Nxe4 10. Qxe4 Nf6 11. Qe2 Qc7 12. Bd2 b6 13. c4 Bb7 14. Bc3 0-0-0 15. b4 Rhe8 16. 0-0 Ng4 17. Ne5 Nxe5 18. dxe5 Be7 19. a4 c5 20. b5 f5 21. a5 g5 22. axb6 axb6 23. g4 Rf8 24. Ra7 Qd7 25. Bc2 Kb8 26. Rfa1 h5 27. gxf5 exf5 28. e6 Qc7 29. Be5 Bd6 30. e7 Qxe7 31. Bxd6+ Qxd6 32. Rxb7+ Kxb7 33. Qf3+ Kc8 34. Ra7 1-0

[Event "Ingrid Larsen Memorial (Women)"]
[Site "Farum"]
[Date "1991.??.??"]
[Round "?"]
[White "Atkins, Rita"]
[Black "Dahl, Ingrid"]
[Result "1-0"]
[WhiteElo "2200"]
[BlackElo "2105"]
[PlyCount "51"]
[EventDate "1991.??.??"]
[EventType "swiss"]
[EventRounds "9"]
[EventCountry "DEN"]
[SourceTitle "EXT 2000"]
[Source "ChessBase"]
[SourceDate "1999.11.16"]
[SourceVersion "1"]
[SourceVersionDate "1999.11.16"]
[SourceQuality "1"]

1. e4 c6 2. d4 d5 3. exd5 cxd5 4. c4 Nf6 5. Nc3 e6 6. Nf3 Bb4 7. cxd5 exd5 8. Be2 Ne4 9. Qd3 Nc6 10. 0-0 Nxc3 11. bxc3 Be7 12. Bf4 0-0 13. Ne5 Na5 14. Qc2 Be6 15. Bd3 h6 16. Rae1 Nc6 17. Qd2 Bg5 18. Bxg5 hxg5 19. f4 gxf4 20. Qxf4 Nxe5 21. Rxe5 Qd7 22. Rh5 f5 23. Qh4 Rae8 24. g4 f4 25. Bg6 Bf7 26. Rh8# 1-0

[Event "Nykobing (Women)"]
[Site "Nykobing"]
[Date "1991.??.??"]
[Round "?"]
[White "Dahl, Ingrid"]
[Black "Hansen, Evgenia"]
[Result "1-0"]
[WhiteElo "2105"]
[BlackElo "2175"]
[PlyCount "83"]
[EventDate "1991.??.??"]
[EventType "tourn"]
[EventRounds "9"]
[EventCountry "DEN"]
[SourceTitle "EXT 2004"]
[Source "ChessBase"]
[SourceDate "2003.11.25"]
[SourceVersion "1"]
[SourceVersionDate "2003.11.25"]
[SourceQuality "1"]

1. e4 c5 2. c3 e5 3. d4 exd4 4. cxd4 cxd4 5. Qxd4 Nc6 6. Qd1 Nf6 7. Nc3 Bb4 8. Bd3 0-0 9. Nge2 d5 10. exd5 Nxd5 11. 0-0 Nxc3 12. Nxc3 Bxc3 13. bxc3 Qh4 14. Re1 Bg4 15. Qa4 Qh5 16. Bf4 Rad8 17. Be4 Rc8 18. Rab1 Bf5 19. Bxf5 Qxf5 20. Rxb7 Qd3 21. Qe4 Qxc3 22. Rb3 Qd4 23. Qxd4 Nxd4 24. Rb7 Rfd8 25. h3 Rc2 26. Be3 Nc6 27. a4 h6 28. Bxa7 Ra8 29. Be3 Rxa4 30. Rd1 Ne5 31. Rd5 Nc6 32. Rdd7 Ne5 33. Re7 Nc4 34. Rxf7 Nxe3 35. Rxg7+ Kh8 36. fxe3 Ra1+ 37. Kh2 Raa2 38. Rg6 Re2 39. Rxh6+ Kg8 40. Rg6+ Kh8 41. Rg3 Re1 42. Rb4 1-0